000 00925 a2200133 4500
003 Nust
005 20230317104129.0
040 _cNust
082 _a621.3916,MOT
245 _aAdvance Information HCMOS Single-Chip Microcontroller /
260 _bMotorola
_c1988
505 _aSection.1 Introduction (Page-1), Section.2 Signal Description and Operating Modes (Page-2), Section.3 On-Chip Memories (Page-3), Section.4 Parallel I/O (Page-4), Section.5 Serial Communications Interface (Page-5), Section.6 Serial Peripheral Interface (Page 6), Section.7 Analog-to-Digital Converter (Page-7), Section.8 Programmable Timer, Real time Interrupt, and Pulse Accumulator (Page-8), Section.9 Resets, Interrupts, and Low Power Modes (Page-9), Section.10 CPU, Addressing Modes, and Instruction Set (Page-10), Section.11 Electrical Specifications (Page-11), Section.12 Mechanical Data and Ordering Information (Page-12).
942 _2ddc
_cBK
999 _c189169
_d189169